000 00620nam a2200193Ia 4500
003 GCL
008 140319s9999 xx 000 0 eng d
040 _aGCL /
_cGCL
082 0 4 _a354.103
_bU I
100 1 _aUNITED NATIONS
245 1 0 _aIMAGE & REALITY: QUESTIONS AND ANSWERS ABOUT THE UNITED NATIONS, WHAT IT DOES - HOW IT WORKS - WHO PAYS FOR IT /
_cUNITED NATIONS
260 _a[S.N] :
_bUNITED NATIONS ،
_c1996
300 _a67 P
650 0 4 _aUNITED NATIONS
650 0 4 _aUNITED NATIONS - FINANCE
650 0 4 _aUNITED NATIONS - MEMBERSHIP
650 0 4 _aUNITED NATIONS - GENERAL ASSEMBLY
942 _2ddc
_cBK
999 _c15184
_d15184